Érsek-Ujvár katolikus politikai, társadalmi és közgazdasági hetilap

Bibliographic Details
Other Authors: Horváth, István (Publishing director), Schneider, Ede (Iso)
Format: Newspaper
Language:Hungarian
PhysicalDescription:13 zv. 47 cm
Published: Nové Zámky Ferenc Supala 1932-1944
Nové Zámky Ede Schneider
Subjects:

MARC

LEADER 00000cas a2200000 a 4500
001 vtls010300057
003 SK-MaSNL
005 20260228162445.0
008 110810d19321944xo wr|ne 0 b0hun
040 |a SNK  |b slo  |c SNK  |e AACR2 
041 0 |a hun 
044 |a xo  |c SK 
072 7 |a 32  |x Politika  |2 konspekt 
072 7 |a 316.7  |x Sociológia kultúry. Kultúrny život  |2 konspekt 
080 |a 32  |2 2011 
080 |a 316.728  |2 2011 
080 |a 050  |2 2001 
080 |a (051)+(054)(437.6)  |2 2011 
245 0 0 |a Érsek-Ujvár  |b katolikus politikai, társadalmi és közgazdasági hetilap 
246 1 3 |a Érsek Ujvár és Magyar vidék  |f 35/1933-45/1938 
246 1 3 |a Érsekujvár és Magyar vidék  |f 1/1939-1944 
260 |a Nové Zámky  |b Ferenc Supala  |c 1932-1944 
260 3 |3 2/1934-1944  |a Nové Zámky  |b Ede Schneider 
300 |a 13 zv.  |c 47 cm 
310 |a 1x týždenne 
362 0 |a Roč. I, č. 1 (20.11.1932)-roč. V. [XIII] (1944) 
500 |a Hlav. red.: od 35/1933 István Horváth 
500 |a Tlač.: Slov. typografia Loderer és társa ; od 23/1933 Klein nyomda ; od 26/1933 Loderer nyomda ; od 33/1933 Mihály Farkas - nyomda 
500 |a Zodp. red.: Ede Schneider 
650 0 7 |a politika  |2 SNKPH  |9 968 
650 0 7 |a spoločenský život  |2 SNKPH  |9 28654 
655 7 |a regionálne periodiká  |2 SNKPH  |9 131775 
700 1 |a Horváth, István  |4 pbd  |9 7959 
700 1 |a Schneider, Ede  |4 Iso  |4 pbl  |9 271125 
910 |a snk 
999 |c 7908  |d 9838 
952 |0 0  |1 0  |4 0  |7 0  |a SNK  |b SNK  |d 1998-09-04  |l 0  |o snkČSA 825/6/1937  |p 17A0157659  |r 2005-01-02 00:00:00  |w 2026-02-21  |y PREZ 
952 |0 0  |1 0  |4 0  |7 0  |a SNK  |b SNK  |d 1998-09-04  |l 0  |o snkČSA 825/1938  |p 17A0157657  |r 2005-01-02 00:00:00  |t č. 1-52  |w 2026-02-21  |y PREZ 
952 |0 0  |1 0  |4 0  |7 0  |a SNK  |b SNK  |d 1998-09-04  |l 0  |o snkČSA 825/5/1936  |p 17A0157652  |r 2005-01-02 00:00:00  |t č. 1-52  |w 2026-02-21  |y PREZ 
952 |0 0  |1 0  |4 0  |7 0  |a SNK  |b SNK  |d 1998-09-04  |l 0  |o snkČSA 825/5/1944  |p 17A0157658  |r 2005-01-02 00:00:00  |w 2026-02-21  |y PREZ 
952 |0 0  |1 0  |4 0  |7 0  |a SNK  |b SNK  |d 1998-09-04  |l 0  |o snkČSA 825/2/1933  |p 17A0157420  |r 2005-01-02 00:00:00  |w 2026-02-21  |y PREZ